Co noví akcionáři často netuší. Kolik zmůže jeden hlas. Kdo řídí společnost.

Základné charakteristiky akcie. Vlastníctvo akcií akcionárov. Orgány akciovej spoločnosti. Predstavenstvo, valné zhromaždenie, dozorná rada.

Enregistré dans:
Détails bibliographiques
Auteur principal: Novák, P.
Format: Chapitre de livre
Langue:tchèque
Sujets:
Tags: Ajouter un tag
Pas de tags, Soyez le premier à ajouter un tag!

MARC

LEADER 00000naa a2200000 4500
001 r012517
005 20220826094003.8
041 0 |a cze 
044 |a CZ 
245 1 0 |a Co noví akcionáři často netuší.  |b Kolik zmůže jeden hlas. Kdo řídí společnost.  |c P. Novák 
520 |a Základné charakteristiky akcie. Vlastníctvo akcií akcionárov. Orgány akciovej spoločnosti. Predstavenstvo, valné zhromaždenie, dozorná rada. 
610 2 0 |a akcie 
610 2 0 |a akcionári 
610 2 0 |a spoločnosti akciové 
610 2 0 |a zhromaždenia valné 
610 2 0 |a rady dozorné 
100 1 |a Novák, P.